000 00403nam a2200169Ia 4500
999 _c30425
_d30425
003 OSt
005 20250524092929.0
008 250310s9999||||xx |||||||||||||| ||und||
040 _c.
082 _a822.91
_bH4121
100 _95926
_aHay, Ian
245 0 _aHousemaster /
_cIan Hay
260 _aLondon :
_bBlackie & son limited,
300 _a170 p.
650 0 _95927
_aEnglish drama
942 _cBK
_2ddc